Marvel Strike Force Character Quiz - Statistics

General Stats
  • This quiz has been taken 151 times
    75 since last reset
  • The average score is 71 of 189
Answer Stats
Character Description Allegiance Jurisdiction Origin Class Team/Organization Other % Correct
Iron Man A versatile damage dealer with high armor and low health. Hero Global Tech Blaster Power Armor / Wave 1 Avenger Avenger / Legendary
87%
Hulk An incredibly tough taunter who gets stronger when damaged. Hero Global Bio Protector Wave 1 Avenger Avenger
84%
Ant-Man A master thief skilled at disabling powerful opponents with the help of his Pym Particle powered suit. Hero Global Tech Controller Pymtech Avenger
79%
Captain America A resilient leader who provides energy to his team while blocking enemy attacks. Hero Global Bio Protector S.H.I.E.L.D. / Wave 1 Avenger Avenger / Military
79%
Black Widow A stealthy saboteur who steals enemy advantages and delivers disabling attacks. Hero Global Skill Controller S.H.I.E.L.D. / Wave 1 Avenger Avenger / Military
76%
Deadpool A magical unicorn who specializes in stab-shooting vulnerable targets. Hero Global Mutant Brawler Mercenary / X-Force N.A.
76%
Groot A resilient healer who defends allies and has a chance to revive. Protective of Rocket Raccoon. Hero Cosmic Bio Support Guardians of the Galaxy N.A.
76%
Hawkeye An expert archer who delivers unavoidable attacks to disable his foes. Hero Global Skill Controller S.H.I.E.L.D. / Wave 1 Avenger Avenger
76%
Black Panther An agile, relentless hunter who shreds his enemies with rapid attacks. Hero Global Mystic Brawler Wakanda Avenger
71%
Captain Marvel A powerful cosmic soldier who breaks down the defenses of multiple foes and gains overwhelming power in Binary form. Hero Cosmic Bio Brawler Kree Military
71%
Carnage An insane brawler that viciously tears through foes with negative effects, attacking more frequently as their health decreases. Villain City Bio Brawler Symbiote Spider-Verse
71%
Doctor Octopus Genius, egomaniac, and mastermind, ___ enhances Sinister Six allies and summons them to battle. Villain City Tech Support Sinister Six Legendary / Spider-Verse
71%
Drax An unpredictable, taunting attacker with rapid attacks that drain health. Hero Cosmic Bio Protector Guardians of the Galaxy N.A.
71%
Gamora An aggressive warrior who can attack again after defeating an enemy. Hero Cosmic Skill Brawler Guardians of the Galaxy / Infinity Watch N.A.
71%
Spider-Man A quick attacker that weakens opponents and evades incoming attacks. Hero City Bio Brawler Web-Warrior Spider-Verse
71%
Wolverine A mutant armed with adamantium claws that ignore armor and tear through his opponents. Hero Global Mutant Brawler Uncanny X-Men / Weapon X X-Men
71%
Adam Warlock Guardian of the Soul Stone, ___ prevents his Infinity Watch allies' positive effects from being cleared or flipped. Hero Cosmic Mystic Support Infinity Watch Legendary
68%
Iron Fist A versatile martial artist with healing abilities and a powerful single target attack. Hero City Mystic Brawler Defender / Heroes for Hire N.A.
68%
Luke Cage An extremely tough taunting protector with high damage and health. Hero City Bio Protector Defender / Heroes for Hire N.A.
68%
Cyclops ___ grants his teammates extra attacks and assails his enemies with optic blasts. Hero Global Mutant Blaster Uncanny X-Men X-Men
66%
Ghost Originally trained by S.H.I.E.L.D. as a spy, ___ now uses her Quantum phasing powers as an untraceable thief. Villain Global Tech Controller Pymtech N.A.
66%
Anti-Venom An altered Venom Symbiote turned Eddie Brock into ___, a Hero who heals rather than destroys. Hero City Bio Support Symbiote Spider-Verse
63%
Colossus ___ uses his organic steel skin to protect the X-Men and harm enemies who attack him. Hero Global Mutant Protector Uncanny X-Men X-Men
63%
Doctor Strange Sorcerer Supreme and versatile healer with the ability to remove effects from friends and foes. Hero Cosmic Mystic Support Supernatural N.A.
63%
Elektra A stealthy assassin capable of dealing immense damage to a single target. Villain City Mystic Brawler Hand / Shadowland N.A.
63%
Ghost Rider As the Spirit of Vengeance, he brutally inflicts damage on those who harm his allies. Hero City Mystic Brawler Supernatural N.A.
63%
Beast ___ is a master of Mutant science who improves any X-Men team by healing and granting positive effects. Hero Global Mutant Support Astonishing X-Men / Uncanny X-Men X-Men
61%
Cable A time-traveler from the future who can manipulate turn order and charge up attacks to blast his enemies. Hero Cosmic Mutant Blaster X-Force N.A.
61%
Daredevil A tough bruiser who delivers bonus attacks, chain attacks, and counterattacks. Hero City Bio Brawler Defender / Shadowland N.A.
61%
Hela The Goddess of Death, she spreads negative effects to foes while aided by her Undead Asgardian. Villain Cosmic Mystic Controller Asgard N.A.
61%
Thanos A Titan Eternal who delivers crushing blows that drain his foes and taunt his enemies. Villain Cosmic Mystic Protector N.A. Eternal
61%
Thor The God of Thunder who deals great damage and weakens multiple foes. Hero Cosmic Mystic Blaster Asgard / Wave 1 Avenger Avenger
61%
Venom A symbiotic monstrosity that tears into opponents and spreads harmful effects. Villain City Bio Controller Symbiote Spider-Verse
61%
Falcon A soldier who excels at War and deals massive damage to enemies who have multiple positive effects. Hero Global Tech Blaster Power Armor Avenger
58%
Green Goblin A fierce villain who strips positive effects from his foes with fire and explosives. VIllain City Bio Blaster Sinister Six Spider-Verse
58%
Human Torch A hotheaded Blaster, he burns his enemies and boosts his allies' offense. Hero Cosmic Bio Blaster Fantastic Four N.A.
58%
Invisible Woman She is a Protector who grants Barrier to her teammates and reveals hidden enemies. Hero Cosmic Bio Protector Fantastic Four Legendary
58%
Loki The Asgardian god of Mischief who misleads and confuses his foes. Villain Cosmic Mystic Controller Asgard N.A.
58%
Nick Fury The legendary leader who spreads advantages to allies and summons S.H.I.E.L.D. agents. Hero Global Skill Support S.H.I.E.L.D. Avenger / Legendary
58%
Star-Lord A charismatic leader who generates ability energy for allies and distracts enemies. Hero Cosmic Tech Controller Guardians of the Galaxy Legendary
58%
Black Bolt The King of the Inhumans, ___ is a Blaster whose voice deals massive damage and prevents enemies from reviving. Hero Cosmic Bio Blaster Inhuman Legendary
55%
Doctor Doom A master of technology and magic, ___ will stop at nothing to conquer Nexus Earth. Villain Global Tech / Mystic Controller N.A. N.A.
55%
Domino She is X-Force's Controller whose Mutant luck lets her allies Dodge and deal deadlier Critical hits. Hero Global Mutant Controller X-Force N.A.
55%
Dormammu Lord of the Dark Dimension, ___ revives his fallen allies and rains mystic chaos down on his enemies. Villain Cosmic Mystic Support N.A. N.A.
55%
Electro ___ uses her rage and voltage to unleash massive damage on the Sinister Six's most vulnerable enemies. Villain City Bio Blaster Sinister Six Spider-Verse
55%
Emma Frost The Hellfire Club's White Queen, ___ dominates foes by bolstering her Mutant Villain allies. Villain Global Mutant Controller N.A. N.A.
55%
Heimdall The all-seeing guardian of the Bifrost, he removes Stealth from foes so Asgardians may strike. Hero Cosmic Mystic Brawler Asgard N.A.
55%
Juggernaut An unstoppable tank who taunts his foes and charges for devastating damage. Villain Global Mystic Protector Brotherhood N.A.
55%
Red Skull Hatred incarnate, hee uses his cunning and ruthless efficiency to lead Hydra to victory in War. Villain Global Bio Controller Hydra N.A.
55%
Wasp A highly elusive blaster capable of stunning and chaining to multiple opponents. Hero Global Tech Blaster Pymtech N.A.
55%
Winter Soldier An elite Hydra agent who assaults his chosen target with deadly attacks that prevent healing. Villain Global Bio Blaster Hydra Military
55%
Iceman One of the original X-Men, Bobby Drake's mutant power to control cold allows him to slow and freeze his enemies. Hero Global Mutant Controller Astonishing X-Men X-Men
53%
Ikaris The Eternal ___ strafes foes with laser vision and uses super strength to slam down on them, fighting even more intensely when allied with Sersi. Hero Cosmic Mystic Brawler Eternal N.A.
53%
Killmonger A lethal assassin who drains health from enemies and eliminates weakened targets. Villain Global Skill Blaster Wakanda / Mercenary Minion
53%
Maria Hill ___ is the Secret Avengers' Support who backs up her allies by calling in S.H.I.E.L.D. care packages and special agents to take out high priority targets. Hero Global Skill Support Secret Avenger / S.H.I.E.L.D. N.A.
53%
Crossbones A vengeful, die hard bruiser with a devastating explosion attack. Villain Global Tech Protector Hydra N.A.
50%
Cull Obsidian He is a Protector who guards the Black Order and retaliates against those who would defy Thanos. Villain Cosmic Bio Protector Black Order N.A.
50%
Jubilee Half mallrat, half fireworks factory, ___ uses her explosive plasmoid powers to blind dweebs while her allies totally strike. Hero Global Mutant Controller Astonishing X-Men Legendary / X-Men
50%
Phoenix Jean Grey absorbs her enemies negative status effects, being reborn as ___ if she falls in battle. Hero Global Mutant Controller Uncanny Legendary / X-Men
50%
Agent Coulson An agent of S.H.I.E.L.D. who defends the Helicarrier by clearing positive effectts from invading teams. Hero Global Tech Controller S.H.I.E.L.D. Avenger
47%
Baron Zemo Aristocrat and Hydra commander, ___ is fueled by contempt for the weak and deals extra damage to minions. Villain Global Skill Controller Hydra N.A.
47%
Blob ___ is a mutant Protector whose immense mass absorbs damage and Deflects attacks aimed at allies. Villain Global Mutant Protector Brotherhood N.A.
47%
Ebony Maw The Black Order's Support, he aids Thanos by granting positive effects to allies. Villain Cosmic Mystic Support Black Order Legendary
47%
Kingpin A demanding crime boss who summons bodyguards and orders allies to attack. Villain City Skill Protector N.A. N.A.
47%
Magneto A master of magnetic fields who can shift enemy positions and empower his Brotherhood allies. Villain Global Mutant Controller Brotherhood Legendary
47%
Mantis A cosmic healer who can stun foes and redistribute health to an injured ally. Her abilities are stronger in Raids. Hero Cosmic Bio Controller Guardians of the Galaxy N.A.
47%
Ms. Marvel A plucky Super Hero brawler who assists and generates ability energy for her allies. Hero City Bio Brawler Inhuman / Young Avenger N.A.
47%
Nebula A ruthless attacker who assails opponents with frequent attacks. Villain Cosmic Tech Brawler Infinity Watch N.A.
47%
America Chavez ___ hits hard enough to punch through reality itself and is even stronger with Hero Brawler allies. Hero Cosmic Mystic Brawler Young Avenger N.A.
45%
Bishop The Astonishing X-Men's Blaster from the future, ___ uses his mutant energy powers to deliver devastating attacks. Hero Cosmic Mutant Blaster Astonishing X-Men X-Men
45%
Corvus Glaive He uses Stealth and Piercing to infiltrate and eliminate the Black Order's enemies. Villain Cosmic Skill Brawler Black Order N.A.
45%
Crystal A member of the Inhuman royal family, her mastery of the elements makes her a versatile Blaster. Hero Cosmic Bio Blaster Inhuman N.A.
45%
Jessica Jones A resilient fighter who removes positive effects from enemies and clears negative effects from allies. Hero City Bio Controller Defender N.A.
45%
Rocket Raccoon An aggressive scrapper who inflicts terrible damage to foes at range. Prefers to team up with Groot. Hero Cosmic Tech Blaster Guardians of the Galaxy N.A.
45%
Shang-Chi ___ is a master of martial arts who turns his enemies' strengths against them while improving his Heroes for Hire allies. Hero City Skill Brawler Heroes for Hire N.A.
45%
The Thing He is a rocky Brawler who deals massive damage to single targets. Hero Cosmic Bio Brawler Fantastic Four N.A.
45%
Bullseye A ruthless mercenary who takes down single targets with focused damage and perfect accuracy. Villain City Skill Blaster Mercenary N.A.
42%
Cloak A living conduit to the Darkforce Dimension, ___ drains the health and offensive power of vulnerable enemies. Hero City Mystic Controller New Warrior N.A.
42%
Dagger Teenage runaway ___ uses her Lightforce powers to generate powerful daggers that damage enemies and heal her allies. Hero City Mystic Support New Warrior N.A.
42%
Ironheart She is a teen super-genius who hinders enemies while enhancing Power Armor and Tech allies. Hero Global Tech Controller Power Armor N.A.
42%
Mister Fantastic He is a Controller who uses his hyper-genius to remove positive effects from foes. Hero Cosmic Bio Controller Fantastic Four N.A.
42%
Mystique A covert shapeshifter skilled at disabling stealthed targets and manipulating enemies into attacking each other. Villain Global Mutant Controller Brotherhood / Marauders N.A.
42%
Scarlet Witch A mystical controller that prolongs negative effects and redistributes health across her teammates. Hero Global Mystic Controller Supernatural Avenger
42%
Ultron A powerful robotic tyrant that summons drones to eliminate any threat to his mechanical regime. Villain Global Tech Blaster N.A. Ultron
42%
Deathpool The daughter of the cosmic entity known as Death and, uh... Deadpool? Okay, wow. ___ combines her father's love of brawling with her mother's incredible supernatural powers. Hero Cosmic Mystic Brawler New Warriors N.A.
39%
Karnak An Inhuman Controller, he uses his power to see his enemies' weakness to strike at them with surgical precision. Hero Cosmic Skill Controller Inhuman N.A.
39%
Vision A synthetic being that avoids enemy attacks and disables his foes. Hero Global Tech Controller N.A. Avenger
39%
War Machine An armored soldier who uses an arsenal of weapons to bombard his foes. More powerful in Alliance Wars. Hero Global Tech Blaster Power Armor Avenger / Military
39%
X-23 ___ is a savage Mutant Brawler who specializes in finishing off X-Force's wounded enemies. Hero Global Mutant Brawler X-Force X-Men
39%
Colleen Wing ___ is the Heroes for Hire Brawler, who deflects powerful attacks and counters with her lightning-fast katana. Hero City Skill Brawler Heroes for Hire N.A.
37%
Ghost-Spider ___ hails from a universe where Gwen Stacy was bitten by a radioactive spider. She's an agile Web-Warrior that can prevent enemies from using their abilities. Hero City Bio Controller Web-Warrior Spider-Verse
37%
Rescue An armored hero who protects allies with her barrier and enhances Power Armor allies' attacks. Hero Global Tech Support Power Armor N.A.
37%
Rhino Big, strong, and tough, he is a heavy hitter. Blinding him will only make him mad. Villain City Bio Protector Sinister Six Spider-Verse
37%
Sabretooth A savage, regenerating brute that shreds single targets and chains to additional enemies. Villain Global Mutant Brawler Brotherhood / Marauders / Weapon X N.A.
37%
Sersi ___ copies her enemies' positive effects, and when her Eternal ally Ikaris is with her, also turns those effects against them! Hero Cosmic Mystic Controller Eternal N.A.
37%
Storm A powerful weather controller that charges up devastating attacks to lead her mutant allies to victory. Hero Global Mutant Controller Uncanny X-Men X-Men
37%
Yellowjacket Darren Cross was the protege of Hank Pym before stealing his company and technology, creating the ___ suit to crush his foes. Villain Global Tech Blaster Pymtech N.A.
37%
Yondu A leader who can summon Ravager allies and deliver high piercing damage. Villain Cosmic Mystic Support Ravager N.A.
37%
Elsa Bloodstone She is a monster-hunting aristocrat who powers up a Supernatural team. Hero Global Mystic Blaster Supernatural N.A.
34%
Kestrel A founding member of S.T.R.I.K.E., ___ uses her portal gun to prevent enemies from summoning and blast the weakest target among them. Hero Cosmic Tech Blaster N.A. N.A.
34%
Kitty Pryde The heart of the X-Men, ___ uses her power to phase through solid matter and her dragon pet, Lockheed, to disrupt enemies and protect allies. Hero Global Mutant Protector Astonishing X-Men X-Men
34%
Misty Knight ___ is the tough-as-nails leader of the Heroes for Hire who uses her cybernetic arm to break through her enemies' defenses. Hero City Tech Controller Heroes for Hire N.A.
34%
Proxima Midnight As the Black Order's deadly Controller, she uses her spear to manipulate Status Effects. Villain Cosmic Skill Controller Black Order N.A.
34%
Punisher A vicious blaster who deals high piercing damage to multiple targets. Hero City Skill Blaster N.A. Military
34%
Sharon Carter Niece of the legendary Peggy Carter, ___ uses her covert weapons training to disable the enemy through negative status effects. Hero Global Skill Controller Secret Avenger N.A.
34%
She-Hulk Delivering gamma-powered justice, ___ applies negative effects to her foes with every smash. Hero City Bio Protector N.A. N.A.
34%
Shuri A scientific genius who uses her Vibranium-powered tech to heal those in need and power up her fellow Wakandans. Hero Global Tech Support Wakanda Legendary
34%
Silver Surfer The Sentinel of the Spaceways, ___ travels the cosmos using the Power Cosmic to atone for his time as the Herald of Galactus. Hero Cosmic Mystic Blaster N.A. N.A.
34%
Vulture He preys on enemies with negative status effects while dealing extra damage to City Heroes. Villain City Tech Brawler Sinister Six Spider-Verse
34%
Captain America (Sam) Taking up the mantle of ___, ___ uses his legendary shield to protect and inspire others, granting bonuses to Avenger and Skill allies. Hero Global Skill Protector Secret Avenger N.A.
32%
Magik ___ uses dark sorcery to charge up her allies and her mutant teleportation power to get the drop on enemies. As the demonic Darkchylde, she can inflict heavy damage. Hero Cosmic Mutant Support Uncanny X-Men X-Men
32%
Sif Shield maiden of Asgard, she combines counterattacks and Taunt to protect her fellow Asgardians. Hero Cosmic Skill Protector Asgard N.A.
32%
A.I.M. Monstrosity A massive brute that gains strength at the expense of vulnerability Villain Global Bio Brawler A.I.M. Minion
29%
Hand Archer A deadly archer who can clear effects off the enemy team. Villain City Skill Blaster Hand Minion
29%
Okoye The general of the Dora Milaje who uses precision attacks to break down enemy defenses. Hero Global Skill Controller Wakanda N.A.
29%
Graviton He is an A.I.M. Controller who extends negative status effects on enemies. Villain Global Bio Controller A.I.M. N.A.
26%
Hydra Scientist They use experimental treatments to heal their comrades. Villain Global Skill Support Hydra Minion
26%
Mordo A powerful sorcerer who weakens his enemies with forbidden magic. Villain Cosmic Mystic Controller Supernatural N.A.
26%
Namor He is a mutant Brawler who helps the Fantastic Four wash away enemy teams during War. Villain Global Mutant Brawler N.A. N.A.
26%
Quake A S.H.I.E.L.D. agent who disrupts the enemy team by weakening groups of foes and removing their advantages. Hero Global Bio Controller Inhuman / S.H.I.E.L.D. N.A.
26%
A.I.M. Assaulter An aggressive soldier who sacrifices healing for rapid attacks. Villain Global Tech Blaster A.I.M. Minion
24%
Longshot ___ is a genetically engineered hero from the Mojoverse, where he uses his luck powers to deal critical hits and become a hit with critics. Hero Cosmic Mutant Blaster X-Factor N.A.
24%
M'Baku The noble leader of the Jabari tribe who protects his own and relentlessly assaults his enemies. Hero Global Mystic Protector Wakanda N.A.
24%
Mysterio He is an enigmatic Controller who manipulates his enemies' status effects. Villain City Tech Controller Sinister Six Spider-Verse
24%
Psylocke ___ psychic abilities remove negative status effects from allies and place them on her foes. Hero Global Mutant Brawler Uncanny X-Men
24%
Pyro A hotheaded fire-starter who excels at burning enemies in an area to inflict damage over time. Villain Global Mutant Blaster Brotherhood N.A.
24%
Red Guardian Russian warrior of the Cold War, ___ uses his boldness and military tactics to steal positive effects from enemies and grant them to his allies. Hero Global Skill Protector N.A. Military
24%
Shocker He uses his Tech sonic bursts to damage entire teams and strengthen his Sinister Six allies. Villain City Tech Blaster Sinister Six Spider-Verse
24%
Toad A sniveling sidekick, he manipulates enemy Status Effects while striking from behind his allies. Villain Global Mutant Controller Brotherhood N.A.
24%
Ultimus A Kree warlord and eternal who generates overwhelming energy blasts and force fields. Villain Cosmic Mystic Brawler Kree Eternal
24%
A.I.M. Security A resilient guard who taunts while healing herself and slowing her enemies. Villain Global Tech Protector A.I.M. Minion
21%
Hand Assassin A quick attacker who prevents healing on a single target. Villain City Mystic Controller Hand Minion
21%
Hydra Sniper They take careful aim before shooting to ensure perfect accuracy. Villain Global Tech Blaster Hydra Minion
21%
Moon Knight Returned to life by the god Khonshu, ___ battles criminals and his own shattered psyche using random status effects. Hero City Mystic Brawler Shadowland N.A.
21%
Nobu A mysterious ninja master who summons Hand Ninjas and specializes in ambushing his opponents. Villain City Mystic Controller Hand N.A.
21%
Omega Red ___ uses his Mutant Death Aura to apply the Trauma status to foes, preventing their negative effects from being removed or flipped. Villain Global Mutant Controller Weapon X Legendary
21%
Phyla-Vell ___ and her partner Moondragon help form the Infinity Watch, with ___ Quantum Sword crushing enemies and bolstering the team's defenses. Hero Cosmic Bio Protector Infinity Watch / Kree N.A.
21%
Polaris The daughter of Magneto, ___ uses her magnetic Mutant powers to bolster ally barriers and prevents the enemy from recovering from their wounds. Hero Global Mutant Controller X-Factor N.A.
21%
Ronan the Accuser A Kree fanatic who summons Kree minions while denying the abilities of his foes with brutal strikes. Villain Cosmic Mystic Controller Kree N.A.
21%
Scientist Supreme A mad scientist who converts negative effects to positive effects while healing her allies. Villain Global Tech Support A.I.M. N.A.
21%
Shatterstar Champion gladiator from the future of Mojoworld, ___ uses his expert swordsmanship and mutant powers as X-Factor's offensive powerhouse. Hero Cosmic Mutant Brawler X-Factor N.A.
21%
Squirrel Girl ___ is a Young Avenger who uses her unbeatable squirrel powers to eat nuts and kick butts! Hero City Bio Support Young Avenger N.A.
21%
A.I.M. Researcher A focused healer who applies and removes negative effects. Villain Global Skill Support A.I.M. Minion
18%
Hand Sorceress A mystical healer who drains health when attacking. Villain City Mystic Support Hand Minion
18%
Hydra Grenadier Hydra special weapons experts deliver explosive grenade attacks. Villain Global Tech Blaster Hydra Minion
18%
Lady Deathstrike ___ uses her cybernetics to slice at enemies, applying Bleed and making them susceptible to negative effects that the rest of Weapon X can take advantage of. Villain Global Tech Brawler Weapon X N.A.
18%
Minn-Erva A brilliant Kree geneticist that uses her mastery of biology to weaken foes and replenish her allies. VIllain Cosmic Tech Support Kree N.A.
18%
Moondragon ___ and her partner Phyla-Vell are key members of the Infinity Watch, with ___ providing psychic healing support. Hero Cosmic Skill Support Infinity Watch N.A.
18%
Multiple Man A one-Mutant army, ___ is X-Factor's leader and Protector, creating duplicates to guard the team and overwhelm his foes. Hero City Mutant Protector X-Factor N.A.
18%
Scream The vicious ___ is a Symbiote Controller who clears positive effects from her foes. Villain City Bio Controller Symbiote Spider-Verse
18%
Spider-Man (Miles) He controls the field with web blasts and electrical shocks that prolong negative effects and apply Disrupted. Hero City Bio Brawler Web-Warrior / Young Avenger Spider-Verse
18%
Spider-Punk ___ is a spider-powered rock star who uses his electric guitar together with his web abilities to deal big damage and disable groups of bad guys. Hero City Bio Brawler Web-Warrior Spider-Verse
18%
Taskmaster A master of combat mimicry, he uses his skill to steal positive effects from enemies. Villain Global Skill Controller Mercenary N.A.
18%
A.I.M. Infector A virulent attacker who prevents healing and passes negative effects to his targets. Villain Global Bio Controller A.I.M. Minion
16%
Hand Sentry An expert martial artist who conceals his allies with smoke bombs. Villain City Mystic Protector Hand Minion
16%
Kree Cyborg An elite warrior armed with cybernetics that enhance speed, and strength. Villain Cosmic Tech Blaster Kree Minion
16%
Negasonic Teenage Warhead She is a Mutant Brawler whose explosive hits are so hard, they knock positive effects off her target. Hero Global Mutant Blaster X-Force N.A.
16%
Silver Samurai ___ channels energy through the Muramasa Blade and, when charged, delivers a series of powerful strikes that no enemy can recover from. Villain Global Mutant Protector Weapon X N.A.
16%
Hand Blademaster A sword-wielding ninja who assails his target with multiple attacks. Villain City Skill Brawler Hand Minion
13%
Korath the Pursuer A relentless tracker who uses cybernetic enhancements to mark and disable his targets. Villain Cosmic Tech Blaster Kree / Mercenary N.A.
13%
Kree Noble The elite classes of Kree society order others to vanquish their enemies. Villain Cosmic Bio Controller Kree Minion
13%
Kree Oracle A purifier who utilizes Kree technology to regenerate and cleanse his allies. Villain Cosmic Tech Support Kree Minion
13%
Kree Reaper A vicious hunter who doesn't give her prey a chance to recover. Villain Cosmic Bio Brawler Kree Minion
13%
Mister Sinister He is a master of genetics, capable of cloning enemies for his nefarious needs. Villain Global Mutant Support Marauders N.A.
13%
Scarlet Spider ___, a clone of Peter Parker that goes by Ben Reilly, uses his spider powers to debilitate enemies and strip them of their defenses. Hero City Bio Brawler Web-Warrior Spider-Verse
13%
S.H.I.E.L.D. Medic A S.H.I.E.L.D. agent trained to provide emergency medical attention in the field. Hero Global Skill Support S.H.I.E.L.D. Minion
13%
Spider-Man (Symbiote) Permanently bonded with the Venom symbiote, he brutally takes down foes while powering up his Symbiote allies. Hero City Bio Brawler Symbiote Spider-Verse
13%
Stature The daughter of Ant-Man, ___ uses her Pym Tech to grow to great heights, drawing fire and stomping down enemy defenses. Hero Global Bio Protector Pymtech N.A.
13%
Yo-Yo An Inhuman agent of S.H.I.E.L.D., she speeds to her allies' defense before returning where she started. Hero Global Bio Protector Inhuman / S.H.I.E.L.D. N.A.
13%
Hydra Armored Guard The most loyal and resilient Hydra guards are trained to sacrifice themselves for the cause. Villain Global Tech Protector Hydra Minion
11%
Hydra Rifle Trooper Hydra assault troops overwhelm enemies with storms of bullets. Villain Global Tech Blaster Hydra Minion
11%
Mercenary Sniper An expert marksman who can deliver high damage with a single shot. Villain City Tech Blaster Mercenary Minion
11%
Night Nurse An excellent healer who is able to deploy a wide variety of health restoration abilities. Hero City Skill Support Shadowland N.A.
11%
S.H.I.E.L.D. Operative An agent who specializes in protecting vulnerable VIP's with stealth and emergency medical aid. Hero Global Skill Support S.H.I.E.L.D. Minion
11%
Yelena Belova ___'s training in Russia's "Red Room" allows her to strike with deadly precision, dealing bonus Crit damage to her enemies. Hero Global Skill Blaster N.A. Military
11%
Kree Royal Guard A heavily armored Kree warrior who intercepts attackers with brutal counterattacks. Villain Cosmic Bio Protector Kree Minion
8%
Mercenary Soldier A versatile soldier who can inflict area damage with grenades. Villain City Skill Blaster Mercenary Minion / Military
8%
Swarm A deadly member of the Sinister Six, ___ exists as a sentient hive of killer bees controlled by one evil mind. Villain City Bio Controller Sinister Six Spider-Verse
8%
White Tiger FBI agent turned street-level hero, Angela del Toro gained her Mystic Brawler powers when she inherited the ___ Amulet. Hero City Mystic Brawler Shadowland N.A.
8%
Mercenary Lieutenant A field combat leader who makes allies faster and stronger. Villain City Tech Support Mercenary Minion
5%
S.H.I.E.L.D. Trooper S.H.I.E.L.D.'s frontline soldiers hold the line with defensive tactics and counterattacks. Hero Global Skill Blaster S.H.I.E.L.D. Minion
5%
Stryfe He uses his mutant powers and cunning to grant himself powerful defensive effects. Villain Global Mutant Protector Marauders N.A.
5%
Mercenary Riot Guard A tough fighter who draws fire and reduces incoming damage. Villain City Skill Protector Mercenary Minion
3%
Ravager Stitcher A spacefaring doctor who prioritizes healing the most severe wounds over those that will merely leave a cool scar. Villain Cosmic Tech Support Ravager Minion
3%
S.H.I.E.L.D. Assault A jetpack assault soldier who provides air cover with area attacks. Hero Global Skill Blaster S.H.I.E.L.D. Minion
3%
S.H.I.E.L.D. Security A non-lethal combat specialist with a protective shield and a baton that stuns opponents. Hero Global Skill Protector S.H.I.E.L.D. Minion
3%
Ravager Boomer A heavily armed space pirate who supports his allies with plasma cannon fire. Villain Cosmic Tech Blaster Ravager Minion
0%
Ravager Bruiser A boarding expert who uses an energy shield to deflect attacks. Villain Cosmic Bio Protector Ravager Minion
0%
Star-Lord (T'Challa) ___ is the idealistic Ravager outlaw who uses gadgets, charm, and fancy footwork to embolden his allies, take power from the powerful, and stylishly defeat those who threaten his friends. Hero Cosmic Tech Blaster Ravager N.A.
0%
No matching quizzes found
Score Distribution
Percent of People with Each Score
Percentile by Number Answered
Your Score History
You have not taken this quiz since the last reset